| Поле | Инд. | ПП | Название | Значение |
|---|---|---|---|---|
| Тип записи | a | |||
| Библиографический уровень | b | |||
| 001 | Контрольный номер | RU/IS/BASE/148580052 | ||
| 005 | Дата корректировки | 20200522190654.6 | ||
| 084 | a | Индекс другой классификации/Индекс ББК | 66.1(4Вел)5-18 | |
| a | Индекс другой классификации/Индекс ББК | 60.001(4Вел)5; 66.01 | ||
| 100 | 10 | a | Автор | Осипова Н. Г. |
| 245 | 00 | a | Заглавие | Социально-политические взгляды Джона Стюарта Милля |
| 504 | 00 | a | Библиография | Библиогр. ссылки |
| 520 | 00 | a | Аннотация | Милль Джон Стюарт - основатель английского позитивизма, знаменитый философ, логик, теоретик политического и экономического либерализма |
| 600 | a | Персоналии | Милль Джон Стюарт | |
| 650 | a | Основная рубрика | история политических учений | |
| a | Основная рубрика | история философии | ||
| a | Основная рубрика | политика | ||
| a | Основная рубрика | политическая философия (философия политики) | ||
| a | Основная рубрика | социальная философия | ||
| a | Основная рубрика | философия | ||
| 653 | 00 | a | Ключевые слова | XIX век |
| a | Ключевые слова | Великобритания | ||
| a | Ключевые слова | демократия | ||
| a | Ключевые слова | либерализм | ||
| a | Ключевые слова | утилитаризм | ||
| 773 | 00 | t | Заглавие источника | Вестник Московского университета. Серия 18, Социология и политология |
| d | Дата издания источника | 2000 | ||
| g | Прочая информация | № 3. - С. 164 - 175 | ||
| w | Контрольный № источника | RU/IS/BASE/144174158 | ||
| 901 | t | Тип документа | b |